[Event "XVI C.to Italiano U20"]
[Site "Bratto - Castione della Presolana ITA"]
[Date "2008.08.25"]
[Round "4"]
[White "Dvirnyy, Danyyil"]
[Black "Valsecchi, Alessio"]
[Result "1-0"]
[WhiteElo "2358"]
[BlackElo "2298"]
[PlyCount "85"]
[EventDate "2008.08.22"]

1. e4 c5 2. Nf3 Nc6 3. Nc3 g6 4. d4 cxd4 5. Nxd4 Bg7 6. Be3 Nf6 7. Bc4 d6 8. f3
O-O 9. Qd2 Nd7 10. O-O-O Nb6 11. Bb3 Na5 12. Qd3 Nxb3+ 13. cxb3 a5 14. a4 Nd7
15. Ndb5 Ne5 16. Qd2 Be6 17. Nd5 Rc8+ 18. Kb1 Bxd5 19. exd5 Qd7 20. Ka2 Qf5 21.
Nd4 Qd7 22. Nb5 Qf5 23. Nd4 Qd7 24. Qxa5 Rc5 25. Nb5 Rc2 26. Rd2 Rfc8 27. Rhd1
Nxf3 28. gxf3 Bxb2 29. Kb1 Qf5 30. Rd3 Qxf3 31. Nd4 Bxd4 32. Bxd4 Qf4 33. R3d2
Qe4 34. Ka1 Rxd2 35. Rxd2 f6 36. Kb2 Qh1 37. Bc3 Kf7 38. Qb4 Qf3 39. Qd4 h5 40.
Rf2 Qg4 41. Qe3 Rc7 42. h3 Qc8 43. Bd4 1-0

[Event "XVI C.to Italiano U20"]
[Site "Bratto - Castione della Presolana ITA"]
[Date "2008.08.25"]
[Round "4"]
[White "Fossati, Remigio"]
[Black "Marsili, Riccardo"]
[Result "1-0"]
[WhiteElo "2191"]
[BlackElo "1817"]
[PlyCount "63"]
[EventDate "2008.08.22"]

1. d4 Nf6 2. c4 c5 3. d5 e5 4. Nc3 d6 5. e4 Be7 6. Be2 Nbd7 7. Nf3 O-O 8. O-O
Ne8 9. a3 g6 10. b4 b6 11. Rb1 Ng7 12. Nd2 f5 13. exf5 gxf5 14. f4 exf4 15. Nf3
Bf6 16. Qc2 Re8 17. Bd3 Ne5 18. Bxf4 a6 19. Ne2 Ra7 20. Ng3 Nxd3 21. Qxd3 Rae7
22. bxc5 bxc5 23. Qd2 h5 24. Bg5 Rf7 25. Bxf6 Qxf6 26. Qf4 Qc3 27. Rb6 Qxa3 28.
Rxd6 a5 29. Rg6 Kf8 30. Qd6+ Kg8 31. Nxh5 Rd7 32. Nf6+ 1-0

[Event "XVI C.to Italiano U20"]
[Site "Bratto - Castione della Presolana ITA"]
[Date "2008.08.25"]
[Round "4"]
[White "Franciosi, Fausto"]
[Black "Cantu', Guido"]
[Result "1/2-1/2"]
[WhiteElo "1850"]
[BlackElo "1896"]
[PlyCount "76"]
[EventDate "2008.08.22"]

1. d4 Nf6 2. c4 e6 3. Nf3 b6 4. a3 Ba6 5. Qc2 Bb7 6. Nc3 c5 7. e4 cxd4 8. Nxd4
Bc5 9. Nb3 Nc6 10. Nxc5 bxc5 11. Bg5 Nd4 12. Qd3 e5 13. f3 O-O 14. Be2 d6 15.
O-O h6 16. Bh4 g5 17. Bf2 Nh5 18. Bxd4 cxd4 19. Nd5 Bxd5 20. cxd5 Nf4 21. Qd2
Qb6 22. Kh1 Rab8 23. Rab1 Nxe2 24. Qxe2 Rfc8 25. Qd2 Qb3 26. Rfc1 Rxc1+ 27.
Qxc1 d3 28. h4 Qc2 29. hxg5 Qxc1+ 30. Rxc1 d2 31. Rd1 Rxb2 32. gxh6 Kh7 33. Kg1
Kxh6 34. Kf2 Kg5 35. g3 Kf6 36. Ke2 Rb3 37. Rxd2 Rxa3 38. Rc2 Ke7 1/2-1/2

[Event "XVI C.to Italiano U20"]
[Site "Bratto - Castione della Presolana ITA"]
[Date "2008.08.25"]
[Round "4"]
[White "Gallana, Marco"]
[Black "Bonafede, Alessandro"]
[Result "1-0"]
[WhiteElo "1960"]
[BlackElo "2329"]
[PlyCount "77"]
[EventDate "2008.08.22"]

1. d4 f5 2. e4 fxe4 3. Nc3 Nf6 4. Bg5 Nc6 5. d5 Ne5 6. Qd4 Nf7 7. Bh4 c6 8.
O-O-O Qb6 9. Bxf6 gxf6 10. Qxe4 Qxf2 11. Nf3 Bh6+ 12. Kb1 Ng5 13. Nxg5 Bxg5 14.
Bc4 f5 15. Qd3 d6 16. dxc6 bxc6 17. Rhe1 Kd8 18. Bb3 Qc5 19. Na4 Qa5 20. Qg3 f4
21. Qf2 Kc7 22. h4 Bf6 23. Qxf4 h5 24. Nc3 Bg4 25. Rd3 Rhf8 26. Qc4 Kb7 27.
Rde3 d5 28. Qd3 d4 29. Rxe7+ Bxe7 30. Rxe7+ Kc8 31. Nd1 Bf5 32. Qg3 Qd8 33. Qe5
Bd7 34. Bc4 a5 35. a4 Re8 36. Rxe8 Bxe8 37. Nf2 Ra7 38. Ne4 Re7 39. Ba6+ 1-0

[Event "XVI C.to Italiano U20"]
[Site "Bratto - Castione della Presolana ITA"]
[Date "2008.08.25"]
[Round "4"]
[White "Gonella, Daniele"]
[Black "Piccirillo, Edoardo"]
[Result "1/2-1/2"]
[WhiteElo "1739"]
[BlackElo "2111"]
[PlyCount "166"]
[EventDate "2008.08.22"]

1. e4 c6 2. d4 d5 3. e5 Bf5 4. Bd3 Bxd3 5. Qxd3 e6 6. Be3 Nd7 7. Nf3 Qb6 8. Nc3
Ne7 9. b3 Ng6 10. Na4 Qa5+ 11. Bd2 Qc7 12. O-O Be7 13. Rfe1 O-O 14. g3 Rac8 15.
c3 c5 16. Nb2 Qc6 17. Qe2 Rfd8 18. Nd3 a6 19. Nf4 Ngf8 20. h4 b5 21. Rac1 Qb7
22. h5 b4 23. cxb4 cxd4 24. Nxd4 Bxb4 25. Bxb4 Qxb4 26. Nc6 Qa3 27. b4 Kh8 28.
Nxd8 Rxc1 29. Rxc1 Qxc1+ 30. Kg2 Qc4 31. Qxc4 dxc4 32. Nxf7+ Kg8 33. Nd6 Nxe5
34. Ne4 Nc6 35. a3 e5 36. Ne2 Nd7 37. Nd6 Nb6 38. Nc3 Kf8 39. Nce4 Ke7 40. Nf5+
Kf8 41. Kf1 Nd5 42. Ke2 Nd4+ 43. Nxd4 exd4 44. Nc5 Nc7 45. Nd7+ Ke7 46. Ne5 Ke6
47. Nxc4 Kd5 48. Kd3 Ne6 49. f4 Nc7 50. Nd2 Nb5 51. a4 Nc3 52. Nf3 Nxa4 53.
Nxd4 Nb2+ 54. Kc2 Nc4 55. Nf5 Ke4 56. Kc3 Nb6 57. Nxg7 Kf3 58. f5 Kxg3 59. Kd4
Kf4 60. Kc5 Nd7+ 61. Kd6 Nf6 62. Ke6 Kg5 63. Kf7 Nxh5 64. Nxh5 Kxf5 65. Ng7+
Ke5 66. Ne6 h5 67. Ng5 Kd5 68. Kg6 Kc4 69. Kxh5 Kxb4 70. Ne4 a5 71. Nd2 a4 72.
Nb1 Kb3 73. Kg4 Kb2 74. Nd2 Kc2 75. Nc4 Kc3 76. Na3 Kb4 77. Nb1 Kb3 78. Kf3 Kc2
79. Na3+ Kb2 80. Nb5 Kb3 81. Ke3 Kb4 82. Kd3 Kxb5 83. Kc3 Kc5 1/2-1/2

[Event "XVI C.to Italiano U20"]
[Site "Bratto - Castione della Presolana ITA"]
[Date "2008.08.25"]
[Round "4"]
[White "Grandinetti, Pietro"]
[Black "Ferrante, Marco"]
[Result "1-0"]
[WhiteElo "2011"]
[BlackElo "2142"]
[PlyCount "57"]
[EventDate "2008.08.22"]

1. e4 e6 2. d4 d5 3. Nc3 Bb4 4. e5 c5 5. a3 Bxc3+ 6. bxc3 Qc7 7. Nf3 Ne7 8. a4
b6 9. Bb5+ Nbc6 10. O-O O-O 11. Bd3 f6 12. Re1 Ng6 13. h4 c4 14. Bxg6 hxg6 15.
Ba3 Re8 16. Qd2 Nd8 17. Qf4 Nf7 18. Qg4 Kh7 19. g3 Rh8 20. Kg2 Bb7 21. exf6
gxf6 22. Qxe6 Rae8 23. Qxf6 Qd7 24. Ng5+ Nxg5 25. hxg5 Qg7 26. Re7 Rxe7 27.
Bxe7 Qxf6 28. Bxf6 Rb8 29. Rh1+ 1-0

[Event "XVI C.to Italiano U20"]
[Site "Bratto - Castione della Presolana ITA"]
[Date "2008.08.25"]
[Round "4"]
[White "Guidi, Giacomo"]
[Black "Ghedin, Emanuele"]
[Result "1/2-1/2"]
[WhiteElo "1526"]
[BlackElo "1824"]
[PlyCount "81"]
[EventDate "2008.08.22"]

1. e4 c6 2. d4 d5 3. e5 Bf5 4. h4 h5 5. c4 Bxb1 6. Rxb1 dxc4 7. Bxc4 e6 8. Nf3
Nd7 9. O-O Nh6 10. Bd3 g6 11. g3 Be7 12. b4 Nf5 13. Bxf5 gxf5 14. b5 Qb6 15.
Be3 cxb5 16. Qb3 Qc6 17. Ng5 a6 18. Rfc1 Qd5 19. Qxd5 exd5 20. Nh3 Bd8 21. Nf4
Nb6 22. Bd2 Nc4 23. Bb4 a5 24. Be1 Na3 25. Rb3 b4 26. Nxd5 Kd7 27. Rd3 Rc8 28.
Rxc8 Kxc8 29. Bd2 Rg8 30. Kh2 Nb5 31. Bf4 Nc7 32. Ne3 Ne6 33. Nxf5 Kd7 34. Nd6
Bxh4 35. Nxb7 Rg4 36. Nxa5 Nxf4 37. gxf4 Rxf4 38. f3 Bf2 39. Nb3 Ke6 40. Kg2
Bh4 41. Nc5+ 1/2-1/2

[Event "XVI C.to Italiano U20"]
[Site "Bratto - Castione della Presolana ITA"]
[Date "2008.08.25"]
[Round "4"]
[White "Lettieri, Giuseppe"]
[Black "Pomaro, Alberto"]
[Result "1/2-1/2"]
[WhiteElo "2322"]
[BlackElo "2246"]
[PlyCount "140"]
[EventDate "2008.08.22"]

1. e4 e6 2. Nf3 d5 3. Nc3 Nf6 4. e5 Nfd7 5. d4 c5 6. dxc5 Nc6 7. Bf4 Nxc5 8.
Bd3 Be7 9. h4 a6 10. h5 h6 11. a3 b5 12. Rh3 Bb7 13. Rg3 Kf8 14. Ne2 Ne4 15.
Bxe4 dxe4 16. Qxd8+ Rxd8 17. Nd2 Nd4 18. Rc3 Nxe2 19. Kxe2 f5 20. Rc7 Bd5 21.
b3 Ra8 22. c4 Bd8 23. Rd7 Bc6 24. Rd6 Be8 25. Rh1 bxc4 26. bxc4 Ke7 27. Nb3 Bc7
28. Rd2 Rb8 29. Nc5 Bb6 30. Be3 f4 31. Bd4 Rd8 32. Nb3 Bxd4 33. Rxd4 Ba4 34.
Rxd8 Rxd8 35. Nc5 Rc8 36. Nxe4 Rxc4 37. Kf3 Bc6 38. Re1 Ra4 39. Kxf4 Rxa3 40.
Nd6 Bxg2 41. Rg1 Rf3+ 42. Kg4 Rxf2 43. Kg3 Re2 44. Rxg2 Rxe5 45. Nc8+ Kd7 46.
Rc2 Rxh5 47. Nb6+ Kd6 48. Ra2 Kc6 49. Nc4 Rc5 50. Rc2 Kd5 51. Nb6+ Kd4 52. Rd2+
Ke3 53. Ra2 Rg5+ 54. Kh4 e5 55. Rxa6 e4 56. Ra7 g6 57. Rf7 Rf5 58. Rg7 Rf1 59.
Nc4+ Kd4 60. Nd2 Rg1 61. Re7 h5 62. Re6 Rg4+ 63. Kh3 g5 64. Nf1 Rf4 65. Ng3 Ke3
66. Kg2 h4 67. Nh5 h3+ 68. Kh2 Kf3 69. Nxf4 gxf4 70. Kg1 e3 1/2-1/2

[Event "XVI C.to Italiano U20"]
[Site "Bratto - Castione della Presolana ITA"]
[Date "2008.08.25"]
[Round "4"]
[White "Locci, Damiano"]
[Black "Stella, Andrea"]
[Result "0-1"]
[WhiteElo "2094"]
[BlackElo "2209"]
[PlyCount "48"]
[EventDate "2008.08.22"]

1. c4 b6 2. Nc3 Bb7 3. e4 e6 4. d4 Bb4 5. Bd3 f5 6. exf5 Bxg2 7. fxe6 Nf6 8.
Bg5 Bxh1 9. f3 O-O 10. Be4 c6 11. Qc2 h6 12. Bh4 Qc7 13. Bg3 Bd6 14. O-O-O Bxg3
15. hxg3 dxe6 16. Nb5 Qxg3 17. Ne2 Qg5+ 18. Kb1 Nxe4 19. Qxe4 cxb5 20. Qxe6+
Kh8 21. Qd6 Qf5+ 22. Ka1 Bxf3 23. Rf1 Nc6 24. Nf4 Qxf4 0-1

[Event "XVI C.to Italiano U20"]
[Site "Bratto - Castione della Presolana ITA"]
[Date "2008.08.25"]
[Round "4"]
[White "Mandelli, Giacomo"]
[Black "Piccoli, Vincenzo"]
[Result "0-1"]
[WhiteElo "1602"]
[BlackElo "1932"]
[PlyCount "102"]
[EventDate "2008.08.22"]

1. e4 c5 2. d3 a6 3. g3 b5 4. Bg2 Bb7 5. Nf3 e6 6. O-O d6 7. c3 Nf6 8. Re1 Be7
9. Nbd2 O-O 10. h4 Qc7 11. Nh2 Nbd7 12. f4 Rfe8 13. g4 Nb6 14. g5 Nfd7 15. Qg4
c4 16. d4 b4 17. f5 exf5 18. exf5 bxc3 19. bxc3 Bf8 20. Ba3 Bxg2 21. Qxg2 d5
22. Bxf8 Kxf8 23. Ng4 Qd6 24. Nf3 Na4 25. Rxe8+ Rxe8 26. Rc1 Qf4 27. Rf1 Qd6
28. Nfe5 Nxe5 29. Nxe5 Nxc3 30. g6 hxg6 31. fxg6 f6 32. h5 Rxe5 33. dxe5 Qxe5
34. Qf3 Qg5+ 35. Kh1 Qh4+ 36. Kg2 Qe4 37. Qxe4 Nxe4 38. Rd1 Nc3 39. Rd2 Ke7 40.
Kf3 Ke6 41. Kf4 d4 42. Rb2 d3 43. Rb6+ Kd7 44. Rb7+ Kc6 45. h6 d2 46. hxg7 Nd5+
47. Kg3 d1=Q 48. g8=Q Qg1+ 49. Kh3 Qe3+ 50. Kh4 Qf2+ 51. Kg4 Qg2+ 0-1

[Event "XVI C.to Italiano U20"]
[Site "Bratto - Castione della Presolana ITA"]
[Date "2008.08.25"]
[Round "4"]
[White "Picasso, Filippo"]
[Black "Capito', Mario"]
[Result "0-1"]
[WhiteElo "1659"]
[BlackElo "1455"]
[PlyCount "66"]
[EventDate "2008.08.22"]

1. d4 Nf6 2. Nf3 g6 3. g3 Bg7 4. Bg2 d6 5. c4 Nbd7 6. O-O O-O 7. b4 c5 8. bxc5
dxc5 9. Bb2 cxd4 10. Qxd4 Qc7 11. Na3 Nh5 12. Qd2 Bxb2 13. Qxb2 Qc5 14. Rac1
Nhf6 15. Rfd1 Ng4 16. e3 Nb6 17. Rd4 Be6 18. Nd2 Nf6 19. Bxb7 Rab8 20. Bg2 Na4
21. Qc2 Qxa3 22. c5 Nxc5 23. Qxc5 Qxa2 24. Qxe7 Kg7 25. Ne4 Nxe4 26. Rxe4 Bf5
27. Rf4 Rb1 28. Qe5+ Kg8 29. Qc3 Rc8 30. Bc6 Rxc1+ 31. Qxc1 Bh3 32. Rc4 Rb8 33.
Bg2 Rb1 0-1

[Event "XVI C.to Italiano U20"]
[Site "Bratto - Castione della Presolana ITA"]
[Date "2008.08.25"]
[Round "4"]
[White "Regorda, Massimiliano"]
[Black "Coladangelo, Andrea"]
[Result "1/2-1/2"]
[WhiteElo "1907"]
[BlackElo "1866"]
[PlyCount "57"]
[EventDate "2008.08.22"]

1. e4 c5 2. Nf3 d6 3. Bb5+ Bd7 4. Bxd7+ Qxd7 5. O-O Nc6 6. d4 cxd4 7. Nxd4 g6
8. c3 Bg7 9. Nxc6 bxc6 10. Qe2 e6 11. Nd2 Ne7 12. Nf3 O-O 13. Re1 d5 14. Bf4
Rfe8 15. Rad1 c5 16. e5 Qa4 17. Be3 Rec8 18. b3 Qa5 19. Qd2 Qc7 20. Bh6 Bh8 21.
g4 a5 22. Bg5 Rab8 23. Bf6 Bg7 24. Qg5 Rb7 25. Bxg7 Kxg7 26. Qf6+ Kg8 27. Qh4
Kg7 28. Qf6+ Kg8 29. Qh4 1/2-1/2

[Event "XVI C.to Italiano U20"]
[Site "Bratto - Castione della Presolana ITA"]
[Date "2008.08.25"]
[Round "4"]
[White "Sfera, Mattia"]
[Black "Xia, Jie"]
[Result "0-1"]
[WhiteElo "1893"]
[BlackElo "2181"]
[PlyCount "168"]
[EventDate "2008.08.22"]

1. e4 c5 2. Nf3 d6 3. d4 cxd4 4. Nxd4 Nf6 5. Nc3 Nc6 6. f3 Qb6 7. Bb5 Bd7 8.
Be3 a6 9. Bxc6 bxc6 10. Qd2 Qc7 11. O-O e5 12. Nde2 Be7 13. g4 Be6 14. g5 Nd7
15. Ng3 g6 16. Kg2 Rd8 17. f4 exf4 18. Bxf4 Ne5 19. Rae1 Qc8 20. Rf2 Bh3+ 21.
Kh1 O-O 22. Nd1 Rfe8 23. Ne3 Qe6 24. Qc3 Bf8 25. Qb3 Rb8 26. Qxe6 Bxe6 27. b3
a5 28. a4 Rb4 29. Kg2 Ng4 30. Nxg4 Bxg4 31. h3 Bd7 32. Rd1 d5 33. Bc7 Ra8 34.
Kh2 Be6 35. Re2 Bg7 36. Bd6 Rb7 37. Red2 Rd8 38. Bc5 Be5 39. Rd3 Rc8 40. Kg2
Bf4 41. Be3 Bxe3 42. Rxe3 Rb4 43. Kh2 d4 44. Rf3 c5 45. Ne2 c4 46. Nxd4 Rd8 47.
c3 Rxb3 48. Nxb3 Rxd1 49. Nxa5 Rd3 50. Kg3 Rd1 51. Kf4 Ra1 52. Nb7 Rxa4 53. Nc5
Ra5 54. Nxe6 fxe6 55. Kg4 Kg7 56. h4 e5 57. Rf6 h5+ 58. Kg3 Ra3 59. Rf3 Ra1 60.
Re3 Rg1+ 61. Kh3 Rg4 62. Re2 Kf7 63. Rf2+ Ke7 64. Rf6 Rxe4 65. Rxg6 Re3+ 66.
Kg2 Rxc3 67. Rc6 e4 68. Rc7+ Kf8 69. Rc8+ Kg7 70. Re8 Re3 71. Kf2 Rf3+ 72. Ke2
Rf4 73. Ke3 Rxh4 74. Rc8 c3 75. Kd4 Kg6 76. Rxc3 Kxg5 77. Rc8 Kf4 78. Re8 Kf3
79. Rf8+ Rf4 80. Rh8 h4 81. Kc3 Kf2 82. Re8 Rf3+ 83. Kd2 e3+ 84. Kd1 h3 0-1

[Event "XVI C.to Italiano U20"]
[Site "Bratto - Castione della Presolana ITA"]
[Date "2008.08.25"]
[Round "4"]
[White "Zanchetta, Nicola"]
[Black "Serri, Cristiano"]
[Result "0-1"]
[WhiteElo "1777"]
[BlackElo "1542"]
[PlyCount "158"]
[EventDate "2008.08.22"]

1. d4 c5 2. dxc5 e6 3. Nf3 Bxc5 4. e4 Ne7 5. Bd3 O-O 6. O-O d5 7. exd5 exd5 8.
a3 h6 9. b4 Bb6 10. Bb2 Nbc6 11. h3 a6 12. Nbd2 Be6 13. Nb3 Ng6 14. Nbd4 Nxd4
15. Nxd4 Bxd4 16. Bxd4 Qg5 17. Be3 Qf6 18. Be2 Rfd8 19. Qd4 Qxd4 20. Bxd4 Rac8
21. c3 Ne7 22. Rfd1 Nf5 23. Rac1 b5 24. g4 Nd6 25. f4 f5 26. Kg2 Rc6 27. Kf3
Re8 28. Bd3 Ne4 29. Bxe4 dxe4+ 30. Kg3 g6 31. g5 h5 32. Kf2 Bc4 33. Ke3 Kf7 34.
h4 Ke6 35. Be5 Bd3 36. Rd2 Kd5 37. Ra2 Rcc8 38. a4 bxa4 39. Rxa4 Rxe5 40. Ra5+
Bb5 41. Rd1+ Ke6 42. fxe5 Kxe5 43. Rc1 f4+ 44. Kf2 Rc4 45. Ra2 Kf5 46. Rac2 Kg4
47. Rg1+ Kxh4 48. Rcc1 Bd7 49. Rgd1 Bg4 50. Rd4 e3+ 51. Ke1 Rc6 52. Rxf4 Kxg5
53. Re4 e2 54. c4 h4 55. c5 h3 56. Rcc4 Bh5 57. Rh4 Rf6 58. Rxh5+ Kxh5 59. Kxe2
h2 60. Rc1 Kh4 61. Ke3 g5 62. c6 Rf8 63. c7 Kg3 64. Kd4 g4 65. Kc5 Kg2 66. Rc2+
Kh3 67. Rc1 g3 68. Kb6 g2 69. Rc3+ Kg4 70. Rc4+ Kg5 71. Rc5+ Kg6 72. Kxa6 g1=Q
73. Rc6+ Kg7 74. Kb7 h1=B 75. b5 Bxc6+ 76. Kxc6 Qc1+ 77. Kb7 Qc5 78. b6 Qd5+
79. Ka6 Ra8# 0-1

[Event "XVI C.to Italiano U20"]
[Site "Bratto - Castione della Presolana ITA"]
[Date "2008.08.26"]
[Round "5"]
[White "Bonafede, Alessandro"]
[Black "Bellemo, Davide"]
[Result "1-0"]
[WhiteElo "2329"]
[BlackElo "2055"]
[PlyCount "59"]
[EventDate "2008.08.22"]

1. e4 e5 2. Nf3 Nc6 3. Bb5 a6 4. Ba4 Nf6 5. O-O Be7 6. Re1 b5 7. Bb3 d6 8. c3
O-O 9. h3 Na5 10. Bc2 c5 11. d4 Qc7 12. d5 c4 13. Nbd2 g6 14. Nf1 Kg7 15. g4
Nb7 16. Ng3 Ng8 17. Kh2 Nc5 18. Rg1 Bd7 19. Qe2 a5 20. Be3 Rab8 21. Nd2 Rfc8
22. f4 f6 23. Nf5+ Kh8 24. Nxe7 Nxe7 25. Qf2 Rf8 26. Qh4 Ng8 27. Raf1 exf4 28.
Bd4 Nd3 29. Bxd3 cxd3 30. g5 1-0

[Event "XVI C.to Italiano U20"]
[Site "Bratto - Castione della Presolana ITA"]
[Date "2008.08.26"]
[Round "5"]
[White "Cantu', Guido"]
[Black "Marincolo, Piercarlo"]
[Result "1/2-1/2"]
[WhiteElo "1896"]
[BlackElo "1945"]
[PlyCount "64"]
[EventDate "2008.08.22"]

1. e4 e6 2. d4 d5 3. Nc3 Bb4 4. e5 c5 5. a3 Bxc3+ 6. bxc3 Ne7 7. Qg4 cxd4 8.
cxd4 O-O 9. Bd3 Qc7 10. Bd2 Nbc6 11. Ne2 f6 12. exf6 Rxf6 13. Bg5 e5 14. Bxh7+
Kxh7 15. Qh5+ Rh6 16. Bxh6 g6 17. Qg5 Nf5 18. Bf8 Qf7 19. Bb4 Ncxd4 20. Nxd4
Nxd4 21. O-O Bf5 22. c3 Ne2+ 23. Kh1 Re8 24. Rfe1 Nf4 25. Re3 Nd3 26. Kg1 Kg8
27. f3 e4 28. fxe4 dxe4 29. Rh3 Qg7 30. Qh6 b6 31. Qxg7+ Kxg7 32. Rd1 Ne5
1/2-1/2

[Event "XVI C.to Italiano U20"]
[Site "Bratto - Castione della Presolana ITA"]
[Date "2008.08.26"]
[Round "5"]
[White "Capito', Mario"]
[Black "Zanchetta, Nicola"]
[Result "1/2-1/2"]
[WhiteElo "1455"]
[BlackElo "1777"]
[PlyCount "65"]
[EventDate "2008.08.22"]

1. e4 c5 2. Bc4 e6 3. Nc3 Nc6 4. Nge2 g6 5. d3 Bg7 6. O-O Nge7 7. Bg5 O-O 8. f4
Na5 9. Rf2 Nxc4 10. dxc4 b6 11. Qd3 f6 12. Bh4 Nc6 13. a3 a6 14. Raf1 Qc7 15.
g4 Bb7 16. Bg3 f5 17. gxf5 exf5 18. b3 Nd4 19. Nd5 Bxd5 20. exd5 Rfe8 21. Kg2
d6 22. Nxd4 Bxd4 23. Re2 Qd7 24. Rfe1 Rxe2+ 25. Qxe2 Kf7 26. Qe6+ Qxe6 27. Rxe6
Rd8 28. Bf2 Bf6 29. Kf3 Be7 30. Kg3 Re8 31. Kh3 Bf8 32. Rxe8 Kxe8 33. Kg3
1/2-1/2

[Event "XVI C.to Italiano U20"]
[Site "Bratto - Castione della Presolana ITA"]
[Date "2008.08.26"]
[Round "5"]
[White "Cinque, Antonio"]
[Black "Caldonazzo, Matteo"]
[Result "0-1"]
[WhiteElo "1867"]
[BlackElo "1515"]
[PlyCount "74"]
[EventDate "2008.08.22"]

1. e4 e5 2. Nf3 Nc6 3. Bc4 Be7 4. d3 Nf6 5. O-O O-O 6. Re1 d6 7. a4 Bg4 8. Nbd2
Qd7 9. c3 a6 10. b4 d5 11. exd5 Nxd5 12. Qb3 Nb6 13. Nxe5 Nxe5 14. Rxe5 Rad8
15. Nf1 Bf6 16. Re3 Bf5 17. d4 Bxd4 18. cxd4 Qxd4 19. Bxf7+ Rxf7 20. Re7 Qd5
21. Qxd5 Nxd5 22. Rxf7 Kxf7 23. Ne3 Nxb4 24. Ba3 Nc2 25. Nxc2 Bxc2 26. Rc1 Rd1+
27. Rxd1 Bxd1 28. a5 b5 29. Kf1 Ke6 30. Ke1 Bh5 31. h3 Be8 32. Kd2 Kd5 33. f4
c5 34. Ke3 Kc4 35. f5 b4 36. Bb2 g6 37. f6 Bf7 0-1

[Event "XVI C.to Italiano U20"]
[Site "Bratto - Castione della Presolana ITA"]
[Date "2008.08.26"]
[Round "5"]
[White "Coladangelo, Andrea"]
[Black "Locci, Damiano"]
[Result "0-1"]
[WhiteElo "1866"]
[BlackElo "2094"]
[PlyCount "58"]
[EventDate "2008.08.22"]

1. e4 Nc6 2. Nf3 d5 3. exd5 Qxd5 4. Nc3 Qa5 5. d4 Bg4 6. Bb5 O-O-O 7. Bxc6 bxc6
8. Qd3 Bxf3 9. Qxf3 e5 10. dxe5 Qxe5+ 11. Qe2 Qxe2+ 12. Nxe2 Bc5 13. O-O Nf6
14. Bg5 Rhe8 15. Nc3 Bd4 16. Rfe1 Ng4 17. Bh4 g5 18. Bg3 f5 19. h3 f4 20. Bh4
gxh4 21. hxg4 Rg8 22. Re7 Rxg4 23. Kf1 Rdg8 24. Rd1 Bc5 25. Rxh7 Rxg2 26. Ne4
f3 27. Ke1 Re8 28. Rdd7 Rxe4+ 29. Kd1 Rd4+ 0-1

[Event "XVI C.to Italiano U20"]
[Site "Bratto - Castione della Presolana ITA"]
[Date "2008.08.26"]
[Round "5"]
[White "Cuppone, Damiano"]
[Black "Codenotti, Marco"]
[Result "1-0"]
[WhiteElo "1921"]
[BlackElo "2055"]
[PlyCount "59"]
[EventDate "2008.08.22"]

1. d4 Nf6 2. c4 g6 3. Nc3 Bg7 4. e4 d6 5. Be2 O-O 6. Bg5 Nbd7 7. Qd2 e5 8. d5
a5 9. f3 h6 10. Be3 Nh5 11. O-O-O Kh7 12. Nh3 Nc5 13. g4 Nf4 14. Nxf4 exf4 15.
Bxf4 Bd7 16. Be3 Ba4 17. Rde1 Qe8 18. Bd4 f6 19. h4 Bd7 20. Qe3 c6 21. g5 a4
22. f4 a3 23. b3 cxd5 24. cxd5 Rc8 25. Kb1 Qe7 26. h5 fxg5 27. hxg6+ Kxg6 28.
fxg5 hxg5 29. Bh5+ Kh6 30. Bf7+ 1-0

[Event "XVI C.to Italiano U20"]
[Site "Bratto - Castione della Presolana ITA"]
[Date "2008.08.26"]
[Round "5"]
[White "Ferrante, Marco"]
[Black "Sfera, Mattia"]
[Result "1/2-1/2"]
[WhiteElo "2142"]
[BlackElo "1893"]
[PlyCount "186"]
[EventDate "2008.08.22"]

1. e4 e5 2. Nf3 Nf6 3. d4 Nxe4 4. dxe5 d5 5. Bd3 Nc5 6. O-O Nxd3 7. Qxd3 Be7 8.
Nc3 c6 9. Bd2 O-O 10. Nd4 Na6 11. Nf5 Nb4 12. Nxe7+ Qxe7 13. Qg3 Bf5 14. Bg5
Qe6 15. Ne2 Nxc2 16. Rac1 Rfe8 17. Bf6 Bg6 18. Rxc2 gxf6 19. f4 Qf5 20. Nd4 Qd3
21. Qf2 fxe5 22. Rd2 Qe4 23. f5 exd4 24. fxg6 Qxg6 25. Rxd4 Re4 26. Rd3 Rg4 27.
Rf3 Rf8 28. Rf6 Qg7 29. h3 Rg6 30. Rf5 b6 31. h4 Rg4 32. Kh2 Kh8 33. Kh3 Rg8
34. Rg1 Rg3+ 35. Kh2 d4 36. Rxf7 Qe5 37. Kh1 d3 38. Rd7 Qe6 39. Qd4+ R3g7 40.
Rxg7 Rxg7 41. Rf1 Qe7 42. h5 Kg8 43. Qxd3 Rf7 44. Qg3+ Kf8 45. Qb8+ Kg7 46.
Qg3+ Kf8 47. Rxf7+ Qxf7 48. Qb8+ Qe8 49. Qf4+ Qf7 50. Qh6+ Kg8 51. Qg5+ Kf8 52.
h6 Qe7 53. Qg3 Qf7 54. Kg1 Qe7 55. Qf3+ Kg8 56. Qg4+ Kf8 57. Qf5+ Kg8 58. Qc8+
Kf7 59. Qf5+ Kg8 60. Qg4+ Kf8 61. Qf4+ Kg8 62. Qc4+ Kf8 63. Qf4+ Kg8 64. b4 c5
65. Qb8+ Kf7 66. Qf4+ Kg8 67. Qg4+ Kf8 68. Qf3+ Kg8 69. Qg3+ Kf8 70. Qb8+ Kf7
71. Qf4+ Kg8 72. a3 Qe1+ 73. Kh2 Qe7 74. Kg3 Qe1+ 75. Kg4 Qe6+ 76. Kh4 Qe7+ 77.
Kg3 Qe1+ 78. Kg4 Qe6+ 79. Kh4 Qe7+ 80. Kh3 Qe6+ 81. g4 Qf7 82. Qg5+ Kf8 83.
Qd8+ Qe8 84. Qf6+ Qf7 85. Qh8+ Ke7 86. Qe5+ Kf8 87. bxc5 Qf1+ 88. Kh4 Qf2+ 89.
Kh3 Qf1+ 90. Kg3 Qg1+ 91. Kh4 Qf2+ 92. Kh3 Qf3+ 93. Kh4 Qf2+ 1/2-1/2

[Event "XVI C.to Italiano U20"]
[Site "Bratto - Castione della Presolana ITA"]
[Date "2008.08.26"]
[Round "5"]
[White "Ghedin, Emanuele"]
[Black "Piccoli, Vincenzo"]
[Result "0-1"]
[WhiteElo "1824"]
[BlackElo "1932"]
[PlyCount "62"]
[EventDate "2008.08.22"]

1. d4 Nf6 2. c4 e6 3. Nc3 Bb4 4. Qc2 O-O 5. a3 Bxc3+ 6. Qxc3 Ne4 7. Qc2 f5 8.
g3 b6 9. Bg2 Bb7 10. Nf3 a5 11. Ng5 Nd6 12. Bxb7 Nxb7 13. e4 h6 14. Nf3 fxe4
15. Qxe4 Nc6 16. O-O Nd6 17. Qg4 Qf6 18. Bf4 Nxc4 19. b3 Nd6 20. Rac1 Rac8 21.
d5 exd5 22. Rfe1 Qf5 23. Qh4 g5 24. Qxh6 gxf4 25. Rxc6 Rf6 26. Rxd6 Rxh6 27.
Rxh6 fxg3 28. Kg2 Rf8 29. Re7 Qxf3+ 30. Kh3 g2+ 31. Kh4 Rf4+ 0-1

[Event "XVI C.to Italiano U20"]
[Site "Bratto - Castione della Presolana ITA"]
[Date "2008.08.26"]
[Round "5"]
[White "Lapenna, Antonio"]
[Black "Fossati, Remigio"]
[Result "1/2-1/2"]
[WhiteElo "2118"]
[BlackElo "2191"]
[PlyCount "21"]
[EventDate "2008.08.22"]

1. e4 d6 2. d4 Nf6 3. Nc3 Nbd7 4. Nf3 e5 5. h3 Be7 6. Bc4 O-O 7. O-O c6 8. a4
Qc7 9. Re1 b6 10. Bg5 a6 11. Bh4 1/2-1/2

[Event "XVI C.to Italiano U20"]
[Site "Bratto - Castione della Presolana ITA"]
[Date "2008.08.26"]
[Round "5"]
[White "Laudisa, Antonio"]
[Black "Guidi, Giacomo"]
[Result "0-1"]
[WhiteElo "1646"]
[BlackElo "1526"]
[PlyCount "98"]
[EventDate "2008.08.22"]

1. e4 d5 2. exd5 Nf6 3. Nc3 Nxd5 4. Nxd5 Qxd5 5. Nf3 Bf5 6. d3 Nc6 7. Be2 O-O-O
8. O-O e5 9. Be3 f6 10. Nd2 Qd7 11. Ne4 Be6 12. Nc5 Bxc5 13. Bxc5 g5 14. a4 g4
15. a5 h5 16. b4 Nd4 17. Bxa7 h4 18. Bxd4 Qxd4 19. a6 bxa6 20. Rxa6 Kd7 21. Qa1
Qxb4 22. Rb1 Qf4 23. Qa4+ Qxa4 24. Rxa4 f5 25. Kf1 Rb8 26. Rab4 Rxb4 27. Rxb4
Ra8 28. Ke1 Ra1+ 29. Bd1 Bd5 30. Kd2 Bxg2 31. d4 Kd6 32. dxe5+ Kxe5 33. Rb5+
Kf4 34. Rb4+ Kg5 35. Rc4 c6 36. Rc5 Ra4 37. c3 Ra2+ 38. Ke3 Ra1 39. Kd2 Be4 40.
Rc4 Kf4 41. Ke2 Ke5 42. Kd2 Ra8 43. Rc5+ Kd6 44. Rc4 c5 45. Bxg4 Kd5 46. Bxf5
Kxc4 47. Bxe4 Ra2+ 48. Bc2 Kd5 49. Kd1 Ra1+ 0-1

[Event "XVI C.to Italiano U20"]
[Site "Bratto - Castione della Presolana ITA"]
[Date "2008.08.26"]
[Round "5"]
[White "Marsili, Riccardo"]
[Black "Franciosi, Fausto"]
[Result "1-0"]
[WhiteElo "1817"]
[BlackElo "1850"]
[PlyCount "73"]
[EventDate "2008.08.22"]

1. e4 d6 2. d4 Nf6 3. Nc3 e5 4. dxe5 dxe5 5. Qxd8+ Kxd8 6. Bg5 Be6 7. O-O-O+
Nbd7 8. Nf3 Kc8 9. Bb5 c6 10. Ba4 Kc7 11. Bb3 Bxb3 12. axb3 h6 13. Bxf6 gxf6
14. Nh4 Bc5 15. Rd2 b5 16. Nf5 a5 17. Rhd1 Nb6 18. Nd6 Rhf8 19. Nf5 h5 20. Kb1
a4 21. bxa4 bxa4 22. f3 Rab8 23. Ka1 Bb4 24. Rd3 a3 25. b3 Rfd8 26. Ne2 Rh8 27.
h4 Rhg8 28. g3 Bc5 29. Ka2 Rb7 30. Nh6 Rf8 31. g4 hxg4 32. Nxg4 Be7 33. h5 Rh8
34. h6 Rbb8 35. Ng3 c5 36. Nf5 Bd8 37. c4 1-0